LEADER 01171nam0M2200385--I450- 001 990003405670203316 005 20100528101840.0 010 $a0-8058-3054-5 035 $a000340567 035 $aUSA01000340567 035 $a(ALEPH)000340567USA01 035 $a000340567 100 $a20100528d--------||itac01 ba 101 $aeng 102 $aUS 105 $a||||||||001yy 200 1 $aModeling longitudinal and multilevel data$epractical issues, applied approaches and specific examples$fedited by Todd D. Little, Kai U. Schnabel, Jurgen Baumert 210 $aMahwah$hN.J. 215 $aVII, 297 p.$d24 cm 410 0$12001$12001 454 1$12001 461 1$1001-------$12001 606 0 $aScienze sociali$xRicerca$xImpiego [di] Metodi statistici$2BNCF 676 $a300.151 702 1$aSCHNABEL,$bKai U. 702 1$aBAUMERT,$bJurgen 702 1$aLITTLE ,$bTodd D. 801 0$aIT$bICCU$gISBD$c20040217 912 $a990003405670203316 951 $a300.151 LIT$b16539 DSSP 959 $aBK 969 $aDSSP 979 $aDSSP2$b10$c20100528$lUSA01$h1018 996 $aModeling longitudinal and multilevel data$91125887 997 $aUNISA LEADER 00807nam0 2200265 450 001 000011143 005 20181130141200.0 010 $a88-14-02259-3 100 $a20080514d1990----km-y0itay50------ba 101 0 $aita 102 $aIT 105 $ay-------001yy 200 1 $aFinanza locale$eprofili giuridici$fLoris Tosi 210 $aMilano$cA. Giuffrè$d1990 215 $aVIII, 212 p.$d25 cm 225 2 $a<>ordinamento tributario italiano 410 0$12001$a<>ordinamento tributario italiano 610 1 $aFinanza locale 676 $a336.014$v20$9Finanza pubblica. Livello locale 700 1$aTosi,$bLoris$0231322 801 0$aIT$bUNIPARTHENOPE$c20080514$gRICA$2UNIMARC 912 $a000011143 951 $a343.054/100$b30605$cNAVA4 996 $aFinanza locale$962685 997 $aUNIPARTHENOPE